000 01187cam a22003134a 4500
999 _c582
_d582
001 14730158
003 GZU
005 20200908091746.0
008 070209s2008 mauab b 001 0 eng
010 _a 2007922714
020 _a9781413030556
020 _a1413030556
040 _aDLC
_cDLC
_dDLC
050 0 0 _aP 107
_bFIN 2008
100 1 _aFinegan, Edward,
_d1940-
245 1 0 _aLanguage :
_bits structure and use /
_cEdward Finegan.
250 _a5th ed.
260 _aBoston, MA :
_bThomson Wadsworth,
_cc2008.
300 _axxvi, 574 p. :
_bill., maps ;
_c24 cm.
504 _aIncludes bibliographical references and index.
650 0 _aLanguage and languages.
650 0 _aLinguistics.
856 4 2 _3Contributor biographical information
_uhttp://www.loc.gov/catdir/enhancements/fy1104/2007922714-b.html
856 4 2 _3Publisher description
_uhttp://www.loc.gov/catdir/enhancements/fy1104/2007922714-d.html
856 4 1 _3Table of contents only
_uhttp://www.loc.gov/catdir/enhancements/fy1104/2007922714-t.html
906 _a7
_bcbc
_corignew
_d2
_eepcn
_f20
_gy-gencatlg
942 _2lcc
_cBK
_e5th ed.
_h107
_iFIN
_kP